Регионална библиотека "Любен Каравелов" - Русе

Пътят към София (Запис номер 166349)

MARC детайли
000 -Лидер
Контролно поле с фиксирана дължина 01190nam a2200325 c 4500
003 - Код на организацията, давaща контролен номер
Контролно поле BLK
005 - Дата и час на последна редакция
Контролно поле 20250313161842.0
008 - Елементи от данни с фиксирана дължина
fixed length control field 180411b bul|||||r ||||||| ||bul||
010 ## - Наследен системен номер
LC control number KNG00174057000
040 ## - Източник на каталожния запис
Идентификатор на билиотеката - собственик на записа BLK
041 ## - Код за език
Код за езика на текст/звукозапис или на отделно заглавие Български
Код за езика КДБФ Български
080 ## - УДК
Текстов определител УДК Българска литература
УДК код - определител по УДК 821.163.2
УДК определител -31
УДК - код + определител 821.163.2-31
100 ## - Редна дума - Автор
Автор Дичев, Стефан Николов
Дати, свързани с автора 1920-1996
Автор - информация (биография) Писател
R(LIN) 376841
139 ## - Редно поле
Редна дума Дичев, Стефан Николов
Авторски знак Дич - Д 64
245 10 - Сведения за заглавието
Заглавие Пътят към София
Подзаглавни данни Роман
Редно поле (дума) Стефан Николов Дичев; ил. Лиляна Дичева.
250 ## - Област на изданието
Сведения за изданието 7. изд.
257 ## - Страна на издаване
Страна на създаване/издаване България
260 ## - Област на издателските данни
-- София
Име на издателя, разпространителя и проч. БЗНС
Година на издаване 1988
300 ## - Физическа характеристика
Страници 504 с.
Илюстрации и др. с ил.
Размери/Мащаб 20 см
380 ## - Жанр
Жанр Худож. лит.
490 1# - СЕРИИ (Колекции)
Име на серия Тематична поредица Книги от екрана
500 ## - Общи забележки
Забележка 1. изд. 1962. - 81 250 тир.
700 1# - Други автори (авторска отговорност)
Лично име Дичева, Лиляна
Автороска отговорност (Описва отношението между автора и произведението) ил.
9 (RLIN) 371476
852 ## - Местоположение
Форматна сигнатура Цб 153442
856 4# - Електронен адрес и достъп
Електронен формат pdf - файл
Път до файла /url/
856 4# - Електронен адрес и достъп
Електронен формат pdf - файл
Път до файла /url/
942 ## - АРТИКУЛИ
Вид на библиотечния материал Книги
Скрит в OPAC Не
Koha issues (borrowed), all copies 1
944 ## - СЪЗДАВАНЕ И РЕДАКЦИЯ на ЗАПИСА
Създаване/Редакция Създаване
Дата на регистрацията/редакция 09.04.2015
Статус, дата на статуса Геновева Генчева
Служител, извършил регистрацията/редакцията 30560
944 ## - СЪЗДАВАНЕ И РЕДАКЦИЯ на ЗАПИСА
Създаване/Редакция Редакция
Дата на регистрацията/редакция 09.04.2015
Статус, дата на статуса 09.04.2015 - от С1,Р / 09.04.2015
Служител, извършил регистрацията/редакцията
999 ## - СИСТЕМНИ КОНТРОЛНИ НОМЕРА
Koha biblionumber 166349
Koha biblioitemnumber 166349
Наличности
Код за отписване Код за изгубен артикул Източник на класификационната схема Код за повреда Коз за рестрикции Код за отдаване Артикулен № Име на библиотеката - собственик Име на библиотеката, в която се намира в момента Статус (Текущо местоположение) Дата на вписване в системата Местоположение - отдел Цена в лева Инвентарен номер Систематично азбучна сигнатура Баркод Номер на екземпляра Цена в евро Служебна бележка Служебен тип на артикула
  Не е изгубен Universal Decimal Classification Не е повреден без рестрикции ползва се в читалня 280306 Регионална библиотека "Любен Каравелов" Русе Регионална библиотека "Любен Каравелов" Русе Хранилище 1988-01-01 Хранилище 3.10 501566 Цб 153442 120000501566 1 1.59 N: стар фонд, Дата: 01.01.1988 Книги
Изтеглен Не е изгубен Universal Decimal Classification Не е повреден без рестрикции заемане за дома 280307 Регионална библиотека "Любен Каравелов" Русе Регионална библиотека "Любен Каравелов" Русе Заемна - подръчен фонд 1988-01-01 Заемна - подръчен фонд 3.10 654507 П 886.7-31/Д 64 654507 2 1.59 N: стар фонд Дата: 01.01.1988 Дата инв: 13.02.2018 Бележки инв: П2018 Книги
Vip Innovations Ltd, Rousse, Bulgaria 2025